|
|
|
|
| LEADER |
00000ny a22000003n 4500 |
| 005 |
20110614120524.0 |
| 008 |
020304s2001 sp s 000 0 spa c |
| 017 |
|
|
|a D.L. SE.1725-2001
|
| 020 |
|
|
|a 8481557706
|
| 035 |
|
|
|a 182
|
| 040 |
|
|
|a UMA.DER
|d vLex
|
| 040 |
|
|
|a UMA.RE
|d vLex
|
| 080 |
|
|
|a 351.852/.853(460)
|
| 090 |
|
|
|c 654
|d 654
|
| 100 |
1 |
|
|a Carrancho Herrero, Mara̕ Teresa
|
| 245 |
1 |
3 |
|a La circulacin̤ de bienes culturales muebles
|h [Recurso electrn̤ico]
|c M® Teresa Carrancho Herrero
|
| 256 |
|
|
|a Servicio en ln̕ea
|
| 260 |
|
|
|a Madrid :
|b Dykinson ;
|a Burgos:
|b Universidad de Burgos,
|c 2001
|
| 300 |
|
|
|a 181 p. ;
|c 21 cm
|
| 504 |
|
|
|a Bibliogr. : [173]-181
|
| 506 |
1 |
|
|a Contenido solo disponible en los productos indicados
|d vLex Global
|d vLex Global (Academic Edition, excluding Law Schools)
|d vLex Global (U.S. Academic Edition, Law Schools)
|d vLex Global (U.S. Academic Edition, excluding Law Schools)
|d vLex Global (Academic Edition, Law Schools)
|
| 650 |
0 |
7 |
|a Bien mueble
|2 Tesauro vLex
|
| 650 |
0 |
7 |
|a Civil
|2 Tesauro vLex
|
| 650 |
0 |
7 |
|a Bienes muebles
|2 Tesauro vLex
|
| 650 |
0 |
7 |
|a Regulacin̤ de la actividad cultural
|2 Tesauro vLex
|
| 650 |
0 |
7 |
|a Patrimonio histr̤ico
|2 Tesauro vLex
|
| 650 |
0 |
7 |
|a Bienes de interš cultural
|2 Tesauro vLex
|
| 710 |
2 |
|
|a Universidad de Burgos
|
| 740 |
0 |
|
|a vLex Libros (Servicios en ln̕ea)
|
| 856 |
4 |
0 |
|u http://vlex.com/source/182
|z Acceso restringido
|
| 942 |
|
|
|c BOOK
|